000 00229nam a2200109Ia 4500
999 _c6859
_d6859
020 _a0-201-62449-4
100 _aGraham Curtis
245 0 _aBusiness Information Systems
260 _aUSA
_bCRC
_c1995
300 _a631
942 _cBK